[Event "VIE-ch U13 Girls"]
[Site "Ho Chi Minh City"]
[Date "2022.07.12"]
[Round "3"]
[White "Dang, Thu Thuy"]
[Black "Nguyen, Thi Thanh Ngan"]
[Result "0-1"]
[WhiteElo "2133"]
[BlackElo "2119"]
[PlyCount "126"]
[EventDate "2022.07.11"]
[EventType "swiss"]
[EventRounds "9"]
[EventCountry "VIE"]
[SourceTitle "EXT 2023"]
[Source "ChessBase"]
[SourceDate "2022.10.05"]
[SourceVersion "1"]
[SourceVersionDate "2022.10.05"]
[SourceQuality "1"]

1. e4 c5 2. Nf3 e6 3. c4 d6 4. Nc3 Nf6 5. d4 cxd4 6. Nxd4 a6 7. Be2 Be7 8. Be3 Nbd7 9. 0-0 Qc7 10. f3 b6 11. Qd2 Bb7 12. Kh1 0-0 13. b3 Rac8 14. Rfd1 Rfd8 15. a4 Ne5 16. Rac1 Qb8 17. Nc2 Ba8 18. Ra1 d5 19. exd5 exd5 20. Qe1 dxc4 21. bxc4 Nxc4 22. Bxc4 Rxc4 23. Bxb6 Qxb6 24. Qxe7 Re8 25. Qa3 Qc7 26. Rd3 Rc8 27. Rb1 h6 28. Rb3 Rh4 29. Qd6 Qxd6 30. Rxd6 Nd5 31. g3 Rh5 32. Nxd5 Rxd5 33. Rxd5 Bxd5 34. Rd3 Bxf3+ 35. Rxf3 Rxc2 36. Rf4 Ra2 37. Kg1 f6 38. h4 Kf7 39. Kf1 g6 40. Ke1 Ke6 41. Kd1 g5 42. hxg5 hxg5 43. Rb4 Kf7 44. g4 Rf2 45. Rb6 Rf4 46. Rxa6 Rxg4 47. a5 Ra4 48. Ra8 g4 49. Ke1 f5 50. a6 Ra2 51. a7 Kg7 52. Kf1 f4 53. Rc8 Rxa7 54. Rc4 Rf7 55. Kf2 Kg6 56. Kg2 Kg5 57. Rc8 f3+ 58. Kf1 Kh4 59. Rh8+ Kg3 60. Re8 Rh7 61. Ke1 f2+ 62. Ke2 Rh1 63. Re3+ Kg2 0-1

[Event "VIE-ch U13 Girls"]
[Site "Hanoi"]
[Date "2022.06.15"]
[Round "6"]
[White "Dang, Thu Thuy"]
[Black "Nguyen, Nhu Ngoc"]
[Result "1-0"]
[WhiteElo "2131"]
[BlackElo "2139"]
[PlyCount "101"]
[EventDate "2022.06.11"]
[EventType "swiss"]
[EventRounds "9"]
[EventCountry "VIE"]
[SourceTitle "EXT 2023"]
[Source "ChessBase"]
[SourceDate "2022.10.05"]
[SourceVersion "1"]
[SourceVersionDate "2022.10.05"]
[SourceQuality "1"]

1. e4 e5 2. Nf3 Nc6 3. Bc4 g6 4. d3 h6 5. Be3 Nf6 6. 0-0 Bg7 7. h3 0-0 8. Nc3 b6 9. Re1 Re8 10. Nd5 Bb7 11. a3 Nb8 12. Nxf6+ Bxf6 13. Bxh6 c6 14. Bd2 d5 15. exd5 cxd5 16. Bb5 Nc6 17. c3 a6 18. Ba4 b5 19. Bc2 Kg7 20. Nh2 Rh8 21. Ng4 Bg5 22. Nxe5 d4 23. Nxc6 Bxc6 24. cxd4 Rh5 25. Bc3 Bf6 26. Bb3 Rg5 27. d5 Bxd5 28. Bxd5 Qxd5 29. Bxf6+ Kxf6 30. f3 Rh8 31. Qd2 Rc8 32. Rac1 Rxc1 33. Rxc1 Kg7 34. Qe3 Re5 35. Qd2 Qd4+ 36. Kf1 Re3 37. Rd1 a5 38. Qc3 Qxc3 39. bxc3 a4 40. Kf2 Re6 41. c4 Rb6 42. c5 Rc6 43. d4 Kf6 44. Rb1 Ke6 45. Rxb5 Kd5 46. Ke3 f5 47. Rb6 g5 48. Rxc6 Kxc6 49. f4 g4 50. h4 Kd5 51. h5 1-0

[Event "VIE-ch U13 Girls"]
[Site "Hanoi"]
[Date "2022.06.15"]
[Round "7"]
[White "Dang, Thu Thuy"]
[Black "Quan, My Linh"]
[Result "1-0"]
[WhiteElo "2131"]
[BlackElo "2144"]
[PlyCount "93"]
[EventDate "2022.06.11"]
[EventType "swiss"]
[EventRounds "9"]
[EventCountry "VIE"]
[SourceTitle "EXT 2023"]
[Source "ChessBase"]
[SourceDate "2022.10.05"]
[SourceVersion "1"]
[SourceVersionDate "2022.10.05"]
[SourceQuality "1"]

1. e4 c5 2. Nf3 e6 3. c4 a6 4. Nc3 Qc7 5. Be2 b6 6. 0-0 Bb7 7. d4 cxd4 8. Nxd4 Nf6 9. f3 d6 10. Be3 Be7 11. Qd2 0-0 12. Kh1 Nbd7 13. Rfd1 Rac8 14. Rac1 Qb8 15. b3 Rfe8 16. Qb2 Bd8 17. a4 Bc7 18. Qd2 Nc5 19. Rb1 d5 20. b4 Ncd7 21. exd5 exd5 22. cxd5 Nxd5 23. Nxd5 Bxd5 24. Bxa6 Rcd8 25. h3 Ne5 26. Qc3 Qa8 27. Bb5 Re7 28. Rbc1 Bxf3 29. Nxf3 Rxd1+ 30. Rxd1 Nxf3 31. Bc6 Rxe3 32. Qxe3 Qxc6 33. Qxf3 Qxa4 34. Rc1 Bd6 35. Qf4 Bf8 36. Rc8 Qd7 37. Rb8 Qc6 38. b5 Qc5 39. Rb7 f6 40. Qc7 Qxc7 41. Rxc7 Bc5 42. Rxc5 bxc5 43. b6 c4 44. b7 c3 45. b8Q+ Kf7 46. Qc7+ Kg6 47. Qxc3 1-0